Vich en la historia espiritual de Cataluña /
Colección:
San Jorge,
; núm. 18 (abril 1955), pàg. 65-70
Idioma:
Español
MARC
| LEADER | 00000naa a2200000 a 4500 | ||
|---|---|---|---|
| 003 | Arxiu | ||
| 005 | 20260324181033.0 | ||
| 008 | 160829s1955 spcaxx s spa c | ||
| 040 | |a AGDB | ||
| 100 | 1 | |a Molist Pol, Esteban, |d 1923-2021 |9 25918 | |
| 245 | 1 | 0 | |a Vich en la historia espiritual de Cataluña / |c Esteban Molist Pol |
| 490 | |a San Jorge, |v núm. 18 (abril 1955), pàg. 65-70 | ||
| 651 | 0 | |a Vic |9 50737 | |
| 651 | 0 | |a Vic (Catalunya) |9 55342 |x Història | |
| 773 | |g Núm. 18 (abril 1955), pàg. 65-70 |t San Jorge. | ||
| 901 | |a Arxiu | ||
| 942 | |n 1 |2 udc |c ART | ||
| 952 | |0 0 |1 0 |4 0 |6 REV510 |7 1 |9 65131 |a Arxiu |b Arxiu |d 2023-01-25 |l 0 |o Rev-510 |r 2023-01-25 00:00:00 |w 2023-01-25 |y ARXIU | ||
| 999 | |c 47980 |d 47980 | ||